All Dutch Players Current Premier League Teams - Statistics

General Stats
  • This quiz has been taken 68 times
  • The average score is 42 of 182
Answer Stats
Hint Answer % Correct
Tottenham Forest Micky Van De Ven
94%
AFC Bournemouth | Chelsea FC | Manchester City Nathan Aké
82%
Arsenal FC | Manchester United Robin Van Persie
82%
Liverpool FC Cody Gakpo
76%
Liverpool FC Sepp Van Den Berg
76%
Liverpool FC Virgil Van Dijk
76%
Arsenal FC Dennis Bergkamp
70%
Brighton & Hove Albion Roland Bergkamp
70%
Manchester United Ruud Van Nistelrooy
70%
AFC Bournemouth Justin Kluivert
68%
Newcastle United Patrick Kluivert
68%
Chelsea FC Arjen Robben
64%
Everton FC | Manchester United Donny Van De Beek
60%
Newcastle United Luuk De Jong
60%
Manchester City Nigel De Jong
60%
Newcastle United Siem De Jong
60%
Liverpool FC Dirk Kuyt
56%
Fulham FC | Manchester United Edwin Van Der Sar
54%
Manchester United Memphis Depay
54%
Liverpool FC Ryan Gravenberch
52%
Newcastle United Sven Botman
52%
Manchester United Tyrell Malacia
50%
Manchester United Daley Blind
48%
Arsenal FC Marc Overmars
48%
Brentford FC Mark Flekken
48%
Liverpool FC | Newcastle United Georginio Wijnaldum
46%
Arsenal FC Jurriën Timber
46%
Brighton & Hove Albion Joël Veltman
44%
Tottenham Forest Steven Bergwijn
44%
Burnley FC | Manchester United Wout Weghorst
44%
Manchester United Jaap Stam
42%
Tottenham Forest Rafael Van Der Vaart
42%
Chelsea FC Ruud Gullit
40%
Luton Town | Manchester United Tahith Chong
40%
Brighton & Hove Albion | Luton Town | Newcastle United Tim Krul
40%
Fulham FC Kenny Tete
38%
Fulham FC | Liverpool FC Ryan Babel
38%
Brighton & Hove Albion Bart Verbruggen
36%
Burnley FC | Chelsea FC Ian Maatsen
36%
Fulham FC Chris David
34%
Everton FC Davy Klaassen
34%
Brighton & Hove Albion Jan Paul Van Hecke
34%
Chelsea FC Marco Van Ginkel
34%
Chelsea FC | Crystal Palace | Newcastle United Patrick Van Aanholt
34%
Crystal Palace | Tottenham Forest Edgar Davids
32%
Arsenal FC Giovanni Van Bronckhorst
32%
Crystal Palace Jaïro Riedewald
32%
Chelsea FC Jimmy Floyd Hasselbaink
32%
Tottenham Forest Vincent Janssen
32%
Everton FC | Fulham FC John Heitinga
26%
Everton FC | Fulham FC Maarten Stekelenburg
26%
Aston Villa Ron Vlaar
26%
Chelsea FC | Liverpool FC Boudewijn Zenden
24%
Manchester United Jordi Cruyff
24%
Tottenham Forest Michel Vorm
24%
Burnley FC Erik Pieters
22%
AFC Bournemouth | Everton FC | Tottenham Forest Arnaut Danjuma
20%
Fulham FC Collins John
20%
Chelsea FC Mario Melchiot
20%
Wolverhampton Wanderers Ola John
20%
Manchester United Alexander Büttner
18%
Aston Villa | Everton FC Anwar El Ghazi
18%
Chelsea FC Ed De Goey
18%
Sheffield United Gustavo Hamer
18%
Chelsea FC Jeffrey Bruma
18%
Wolverhampton Wanderers Ji-Jana Hoever
18%
Chelsea FC Khalid Boulahrouz
18%
Liverpool FC Ki-Jana Hoever
18%
Aston Villa Lamare Bogarde
18%
Chelsea FC Winston Bogarde
18%
Crystal Palace | Fulham FC | Manchester United Timothy Fosu-Mensah
16%
Everton FC Andy Van Der Meyde
14%
Brighton & Hove Albion Davy Pröpper
14%
Newcastle United Jetro Willems
14%
Manchester City Karim Rekik
14%
Nottingham Forest Pierre Van Hooijdonk
14%
Nottingham Forest Bryan Roy
12%
Newcastle United Daryl Janmaat
12%
Everton FC Royston Drenthe
12%
Everton FC | Liverpool FC Sander Westerveld
12%
Fulham FC Terence Kongolo
12%
Aston Villa Wilfred Bouma
12%
Arsenal FC Glenn Helder
10%
Nottingham Forest Hans Van Breukelen
10%
Liverpool FC Jan Kromkamp
10%
Manchester United Arnold Mühren
8%
Manchester United | West Ham United Raimond Van Der Gouw
8%
Wolverhampton Wanderers Robin Van Der Laan
8%
Nottingham Forest | Wolverhampton Wanderers Dorus De Vries
6%
Nottingham Forest Frans Thijssen
6%
Aston Villa | Nottingham Forest George Boateng
6%
Wolverhampton Wanderers John De Wolf
6%
Nottingham Forest | Tottenham Forest John Metgod
6%
Chelsea FC Kenneth Monkou
6%
Manchester City Kiki Musampa
6%
West Ham United Marco Boogers
6%
Manchester City | Sheffield United Michel Vonk
6%
Manchester City Ronald Waterreus
6%
Fulham FC Urby Emanuelson
6%
Manchester City Gerard Wiekens
4%
Crystal Palace | West Ham United Jeroen Boere
4%
Brighton & Hove Albion Kjell Scherpen
4%
Arsenal FC Nacer Barazite
4%
Manchester City Paul Bosvelt
4%
Manchester City Philippe Sandler
4%
Aston Villa Sil Swinkels
4%
Manchester United Björn Hardley
2%
Fulham FC Bobby Petta
2%
Brentford FC Clyde Wijnhard
2%
Brighton & Hove Albion Elvis Manu
2%
Liverpool FC Erik Meijer
2%
Arsenal FC Gerrit Keizer
2%
Newcastle United John Karelse
2%
Sheffield United Marcel Cas
2%
Wolverhampton Wanderers Nigel Lonwijk
2%
Everton FC | West Ham United Raymond Atteveld
2%
Arsenal FC Salah-Eddine Oulad M'Hand
2%
Newcastle United Brian Pinas
0%
Manchester City Danny Hoekman
0%
Fulham FC Danny Hoesen
0%
Brighton & Hove Albion Danny Holla
0%
Sheffield United Dries Boussatta
0%
Manchester City Fons Groenendijk
0%
AFC Bournemouth Frank Demouge
0%
Newcastle United Frank Wiafe
0%
Newcastle United Frans Koenen
0%
Fulham FC | Sheffield United Guus Uhlenbeek
0%
Brighton & Hove Albion Hans Kraay Jr.
0%
Nottingham Forest | Sheffield United | Tottenham Forest | Wolverhampton Wanderers Hans Segers
0%
Nottingham Forest Kyle Ebecilio
0%
Sheffield United Laurens Ten Heuvel
0%
Sheffield United Marcel Seip
0%
Burnley FC Marco Gentile
0%
Brighton & Hove Albion Matthew Wiltshire
0%
Sheffield United Michael Verrips
0%
Brighton & Hove Albion Michel Kuipers
0%
Wolverhampton Wanderers Paul Gladon
0%
Brentford FC Pim Balkestein
0%
Brighton & Hove Albion | Wolverhampton Wanderers Rajiv Van La Parra
0%
Burnley FC Remco Van Der Schaaf
0%
Brighton & Hove Albion Soufyan Ahannach
0%
Aston Villa | Wolverhampton Wanderers Stefan Postma
0%
Sheffield United Wilko De Vogt
0%
Tottenham Forest Willem Korsten
0%
Chelsea FC Xavier Mbuyamba
0%
No matching quizzes found
Score Distribution
Percent of People with Each Score
Percentile by Number Answered
Your Score History
You have not taken this quiz